The time machine : The war of the worlds
Sparad:
| Huvudupphovsman: | |
|---|---|
| Materialtyp: | Bok |
| Språk: | Undetermined |
| Publicerad: |
Greenwich
Fawcett publications
1968
|
| Ämnen: | |
| Taggar: |
Lägg till en tagg
Inga taggar, Lägg till första taggen!
|
| Thư viện lưu trữ: | Trung tâm Học liệu Trường Đại học Cần Thơ |
|---|
| LEADER | 00588nam a2200217Ia 4500 | ||
|---|---|---|---|
| 001 | CTU_231781 | ||
| 008 | 210402s9999 xx 000 0 und d | ||
| 082 | |a 823.912 | ||
| 082 | |b W453 | ||
| 100 | |a Wells, H. G. | ||
| 245 | 4 | |a The time machine : | |
| 245 | 4 | |b The war of the worlds | |
| 245 | 0 | |c H.G. Wells | |
| 260 | |a Greenwich | ||
| 260 | |b Fawcett publications | ||
| 260 | |c 1968 | ||
| 650 | |a Space warfare | ||
| 650 | |x Cuộc chiến không gian,Fiction | ||
| 650 | |y Tiểu thuyết | ||
| 910 | |b dqhieu | ||
| 980 | |a Trung tâm Học liệu Trường Đại học Cần Thơ | ||